000 01370nam a2200277 i 4500
001 158965
003 ES-MaACL
005 20250808060757.0
008 940202m18351851sp |||| | spa d
080 _a94(4)"1789/1815"
100 1 _aMartínez de la Rosa, Francisco,
_d1787-1862
_978009
245 1 0 _aEspíritu del siglo /
_cpor Don Francisco Martínez de la Rosa.
260 _aMadrid :
_b[s.n.],
_c1835-1851 (
_fImp. de Tomás Jordán)
300 _a10 v. ;
_c20 cm.
530 _aDisponible en formato digital.
596 _aLa imprenta varía: v. 5, Imp. de Alegría y Charlain ; v. 6, Imp. de D. Vicente de Lalama ; v. 7, Imp. de la Viuda de Jordán e Hijos ; v. 8-10, Imp. de Agustín Espinosa y Cía.
597 _aT. I. (342 p.) - t. II. (264 p.) - t. III. (428 p.) - t. IV. (272 p.) - t. V. (397) - t. VI. (360 p.) - t. VII. (387 p.) - t. VIII. (431 p.) - t. IX (407 p.) - t. X. (VI, 358 p.)
650 4 _a
_9241189
651 0 _aFrancia-
_xHistoria-
_y1789-1799, Revolución
_9241176
651 4 _aFrancia-
_xHistoria-
_y1814-1830, Restauración
_98695
651 4 _aEuropa-
_xHistoria-
_y1789-1815.
_98604
852 _aES-MaACL
_jR-2237-46
_x Olim: D-1929-38
852 _aES-MaACL
_jG-9227-36
_z- Enc. hol.
856 _uhttp://bdh-rd.bne.es/viewer.vm?id=0000005842&page=1
_zBiblioteca Digital Hispánica
999 _c158965
_d158965